000 01852nam a2200469Ii 4500
001 DIGNOBUK253
003 NyNyDIG
006 m o d
008 170719s2012 ag a ob 000 0 spa d
007 cr |||||||||||
035 _a(OCoLC)965767002
040 _aDGITA
_beng
_erda
_epn
_cDGITA
020 _z9789875844544
020 _z9875844543
050 1 4 _aNA2750 ebook
082 0 4 _a729
100 1 _aLinazasoro, José Ignacio,
_d1947-
_eauthor.
245 1 0 _aEscrito en el tiempo :
_bpensar la arquitectura /
_cJosé Ignacio Linazasoro.
264 1 _aBuenos Aires :
_bUniversidad de Palermo :
_bNobuko,
_c[2012]
300 _a1 online resource :
_billustrations.
336 _atext
_btxt
_2rdacontent
337 _acomputer
_bc
_2rdamedia
338 _aonline resource
_bcr
_2rdacarrier
490 1 _aColección Textos de arquitectura y diseño
504 _aIncludes bibliographical references.
588 0 _aOnline resource; title from PDF title page (Digitalia, viewed June 17, 2017)
650 0 _aArchitectural design.
650 0 _aClassicism in architecture.
650 0 _aArchitecture
_xComposition, proportion, etc.
650 0 _aArchitecture
_xOrders.
600 1 0 _aLoos, Adolf,
_d1870-1933.
600 1 0 _aLaan, J. A. van der
_q(Johannus Antonius),
_d1896-1966.
600 1 0 _aLinazasoro, José Ignacio,
_d1947-
_vInterviews.
655 0 _aElectronic books.
791 2 _aDigitalia (Firm),
_edistributor.
793 0 _gDigitalia eBook Collection:
_aEditorial Nobuko
776 0 8 _iPrint version:
_aLinazasoro, José Ignacio, 1947-
_tEscrito en el tiempo.
_dBuenos Aires : Universidad de Palermo : Nobuko, ©2012
_z9789875844544
830 0 _aTextos de arquitectura y diseño.
856 4 0 _3Digitalia Hispánica
_uhttps://www.digitaliapublishing.com/a/45349/
910 _aPremium Collection: 2017
942 _cRAA
999 _c248930
_d248930